000 05460cam a22018854i 4500
003 PE-LiUPU
005 20250813165554.0
008 150623s1998 mx a rb 000 0 spa d
020 _a9701018575
020 _a9789701018576
035 _a(Sirsi) i9789701018576
040 _aPE-LiUPU
_bspa
_cPE-LiUPU
_dPE-LiUPU
_erda
049 _aPRUA
082 0 4 _a610.73677
_bB851998
_221
100 1 _aBrunner, Lillian Sholtis,
_eautor.
245 1 0 _aEnfermería medicoquirúrgica /
_cBrunner y Suddarth ; [ed.] Suzanne C. Smeltzer y Brenda G. Bare ; tr. Claudia Patricia Cervera Pineda, Ignacio Sánchez Herrera y Esteban Fraga Escamilla.
250 _a8a edición.
264 1 _aMéxico :
_bMcGraw-Hill Interamericana Editores,
_c1998.
300 _a1132 páginas :
_bilustraciones ;
_c29 centímetros
336 _atext
_2rdacontent
337 _aunmediated
_2rdamedia
338 _avolume
_2rdacarrier
504 _aIncluye bibliografía.
505 0 _aConservación de la salud y necesidades asistenciales -- Valoración de la salud del cliente/paciente -- Conceptos biofísicos y psicosociales -- Asistencia del paciente: conceptos y dificultades -- Cuidados peri operatorios del paciente quirúrgico -- Intercambio de oxígeno-dióxido de carbono y respiración -- Funciones cardiovascular, circulatoria y hematológica -- Función digestiva y gastrointestinal -- Trastornos metabólicos y endocrinos.
526 _aP203
526 _aP200
526 _aSEG65
526 _aSEG64
526 _aSEG63
526 _aSEG62
526 _aSEG61
526 _aSEG60
526 _aSEG59
526 _aSEG58
526 _aSEG57
526 _aSEG56
526 _aSEG55
526 _aSEG54
526 _aSEG53
526 _aSEG52
526 _aSEG51
526 _aSEG50
526 _aSEG49
526 _aSEG48
526 _aSEG47
526 _aSEG46
526 _aSEG24
526 _aSEG23
526 _aSEG22
526 _aSEG21
526 _aSEG20
526 _aSEG19
526 _aSEG18
526 _aSEG17
526 _aSEG16
526 _aSEG14
526 _aSEG13
526 _aSEG12
526 _aSEG11
526 _aSEG10
526 _aSEG09
526 _aSEG06
526 _aSEG05
526 _aSEG04
526 _aSEG03
526 _aSEG02
526 _aSEG68
526 _aSEG66
526 _aSEG45
526 _aSEG25
526 _aSEG01
526 _aP163
526 _aP162
526 _aP161
526 _aP160
526 _aP159
526 _aP158
526 _aP157
526 _aP156
526 _aP155
526 _aP154
526 _aP153
526 _aP152
526 _aP151
526 _aP150
526 _aP149
526 _aP142
526 _aP141
526 _aP140
526 _aP139
526 _aP138
526 _aP137
526 _aP132
526 _aP131
526 _aP130
526 _aP126
526 _aP125
526 _aP124
526 _aP123
526 _aP115
526 _aP122
526 _aP121
526 _aP116
526 _a P114
526 _aP112
526 _aP111
526 _aP104
526 _aP103
526 _aP102
526 _aP101
526 _aP100
526 _aP96
526 _aP95
526 _aP93
526 _aP92
526 _aP91
526 _aP88
526 _aP83
526 _aP82
526 _aP79
526 _aP78
526 _aP75
526 _aP74
526 _aP71
526 _aP69
526 _a P51
526 _aP49
526 _aP48
526 _aP47
526 _aP33
526 _aP31
526 _a P30
526 _aP29
526 _aP27
526 _aP26
526 _aP25
526 _aP24
526 _a P22
526 _aP10
526 _aP09
526 _a P08
526 _aP06
526 _aP05
526 _aP04
526 _aP01
650 0 4 _aEnfermería
_vManuales.
700 1 _aSuddarth, Doris Smith,
_eeditor.
942 _2ddc
_cBOOK
949 _a610.73677 B85 1 1998
_wDEWEY
_c1
_i53644
_d2015-9-3
_e2015-9-2
_lCCODEBUL1
_mBUL
_n2
_r0
_sY
_tBOOK
_u2015-6-24
_xSALUD
_zUNKNOWN
_0COMPRA
_o.STAFF. Colección Ciencias de la Salud
949 _a610.73677 B85 1 1998
_wDEWEY
_c2
_i49852
_d2016-8-17
_e2016-8-16
_lCCODEBUL1
_mBUL
_n2
_r0
_sY
_tBOOK
_u2015-6-24
_xSALUD
_zUNKNOWN
_0COMPRA
_o.STAFF. Colección Ciencias de la Salud
949 _a610.73677 B85 1 1998
_wDEWEY
_c3
_i46303
_d2016-3-30
_e2016-3-29
_lCCODEBUL1
_mBUL
_n1
_r0
_sY
_tBOOK
_u2015-6-24
_xSALUD
_zUNKNOWN
_0COMPRA
_o.STAFF. Colección Ciencias de la Salud
994 _aC0
_bPEPRU
596 _a1
999 _a610.73677 B85 1 1998
_wDEWEY
_c32653
_i53644
_d32653
_e2018-3-6
_f2021-11-3
_g5
_lCCODEBUL1
_mBUL
_n3
_p54.95
_q1
_r0
_sY
_tBOOK
_u2015-6-24
_xSALUD
_zUNKNOWN
_0COMPRA
_o.STAFF. Colección Ciencias de la Salud
999 _a610.73677 B85 1 1998
_wDEWEY
_c2
_i49852
_d2018-3-20
_e2017-10-8
_f2021-11-3
_g5
_lCCODEBUL1
_mBUL
_n4
_p54.95
_q1
_r0
_sY
_tBOOK
_u2015-6-24
_xSALUD
_zUNKNOWN
_0COMPRA
_o.STAFF. Colección Ciencias de la Salud
999 _a610.73677 B85 1 1998
_wDEWEY
_c3
_i46303
_d2018-5-31
_e2016-3-29
_f2021-11-3
_g5
_lCCODEBUL1
_mBUL
_n1
_p54.95
_q1
_r0
_sY
_tBOOK
_u2015-6-24
_xSALUD
_zUNKNOWN
_0COMPRA
_o.STAFF. Colección Ciencias de la Salud
980 _81
_gALBERTO SANCHEZ Responsable de Automatización